000
00299nam a22001337a 4500
008
170519b xxu||||| |||| 00| 0 eng d
020
_a
0140510559
041
_a
eng
080
_a
94(100)
100
_a
16
101
_a
SHH
245
_a
WHO'S WHO IN THE ANCIENT WORLD
_c
RADICE,B
942
_2
udc
_c
BK
999
_c
13569
_d
13569